00712 2200241 4500001002100000005001500021035002000036007000300056008004100059020002200100082001000122084001600132100002000148245014100168250001000309260004200319300002300361650002400384700001800408700002200426990001100448990001100459INLIS00000000000415720191007091826 a0010-1019000009ta191007 g 0 ind  a978-602-5868-06-1 a153.8 a153.8 SHE t0 aSHEPHERD, Peter1 aThe Positive Approach :bManfaat Berpikir dan Bersikap Positif /cPeter Shepherd; penerjemah, Laila Qadria; penyunting, Zulkarnaen Ishak acet.2 aYogyakarta :bBright Publisher,c2018 a195 hlm. ;c20 cm. 4aPSIKOLOGI. MOTIVASI0 aLAILA, Qadria0 aZULKARNAEN, Ishak a6913 a a6913 b